Индейцы и ковбои (Запись № 3323231)

Подробности
000 -МАРКЕР
контрольное поле 01527nam0a2200349 4500
001 - ИДЕНТИФИКАТОР ЗАПИСИ
контрольное поле RU\NLR\bibl\1932995
005 - ИДЕНТИФИКАТОР ВЕРСИИ
контрольное поле 20260405164849.0
010 ## - МЕЖДУНАРОДНЫЙ СТАНДАРТНЫЙ НОМЕР КНИГИ (ISBN)
Номер (ISBN) 978-5-389-02506-6
Тираж 5000
021 ## - НОМЕР ГОСУДАРСТВЕННОЙ РЕГИСТРАЦИИ
Код страны Российская Федерация
Номер 2012-51837
Номер Листа государственной регистраци 3786
021 ## - НОМЕР ГОСУДАРСТВЕННОЙ РЕГИСТРАЦИИ
Код страны Российская Федерация
Номер 2013-46004
Номер Листа государственной регистраци 3196
035 ## - ДРУГИЕ СИСТЕМНЫЕ НОМЕРА
Идентификатор записи (NLR Aleph) 001922338
100 ## - ДАННЫЕ ОБЩЕЙ ОБРАБОТКИ
Данные общей обработки 20120809d2012 |||y0rusy50 ca
101 1# - ЯЗЫК РЕСУРСА
Язык текста, звукозаписи и т.д. русский
Язык оригинала французский
102 ## - СТРАНА ПУБЛИКАЦИИ ИЛИ ПРОИЗВОДСТВА
Страна публикации Российская Федерация
105 ## - ПОЛЕ КОДИРОВАННЫХ ДАННЫХ: ТЕКСТОВЫЕ МАТЕРИАЛЫ, МОНОГРАФИЧЕСКИЕ
Кодированные данные о монографическом текстовом документе a |||||||||
200 1# - ЗАГЛАВИЕ И СВЕДЕНИЯ ОБ ОТВЕТСТВЕННОСТИ
Основное заглавие Индейцы и ковбои
Сведения, относящиеся к заглавию [для детей младшего школьного возраста
Первые сведения об ответственности авт. текста Филипп Симон, Мари-Лор Буэ
Последующие сведения об ответственности ред. Ирина Шадрина
-- пер. с фр. Татьяна Земцова]
210 ## - ПУБЛИКАЦИЯ, РАСПРОСТРАНЕНИЕ И ДР.
Место издания, распространения и т.д. Москва
Имя издателя, распространителя и т. д. Махаон
Дата издания, распространения и т.д. 2012
215 ## - ФИЗИЧЕСКАЯ ХАРАКТЕРИСТИКА
Специфическое обозначение материала и объем 125, [2] с.
Другие сведения о физической характеристике цв. ил.
Размеры 23
225 1# - СЕРИЯ
Основное заглавие серии Твоя первая энциклопедия
320 ## - ПРИМЕЧАНИЯ О НАЛИЧИИ В ДОКУМЕНТЕ БИБЛИОГРАФИИ / УКАЗАТЕЛЯ
Текст примечания Указ. в конце кн.
606 1# - НАИМЕНОВАНИЕ ТЕМЫ КАК ПРЕДМЕТ
Наименование темы Индейцы
Формальный подзаголовок Энциклопедии для детей
Системный номер авторитетной/нормативной записи 966076
Идентификатор авторитетной/нормативной записи RU\NLR\auth\6642715
606 1# - НАИМЕНОВАНИЕ ТЕМЫ КАК ПРЕДМЕТ
Наименование темы Ковбои
Формальный подзаголовок Энциклопедии для детей
Системный номер авторитетной/нормативной записи 2287502
Идентификатор авторитетной/нормативной записи RU\NLR\auth\661370143
686 ## - ИНДЕКСЫ ДРУГИХ КЛАССИФИКАЦИЙ
Индекс Ш9
Книжный номер Т3(7)
702 #1 - ИМЯ ЛИЦА - ВТОРИЧНАЯ ОТВЕТСТВЕННОСТЬ
Код отношения Составитель
Материалы, к которым относится поле rus
Графика поля Кириллица
Начальный элемент ввода Симон
Часть имени, кроме начального элемента ввода Ф.
Расширение инициалов личного имени Филипп
Идентификатор авторитетной/нормативной записи RU\NLR\auth\7750886
Системный номер авторитетной/нормативной записи 33820
702 #1 - ИМЯ ЛИЦА - ВТОРИЧНАЯ ОТВЕТСТВЕННОСТЬ
Код отношения Редактор
Материалы, к которым относится поле rus
Графика поля Кириллица
Начальный элемент ввода Шадрина
Часть имени, кроме начального элемента ввода И.
Дополнения к именам, кроме дат редактор изд-ва
Расширение инициалов личного имени Ирина
Идентификатор авторитетной/нормативной записи RU\NLR\auth\7770763
Системный номер авторитетной/нормативной записи 53691
801 #0 - ИСТОЧНИК ЗАПИСИ
Страна Российская Федерация
Организация NLR
Дата составления 20120809
Правила каталогизации RCR
801 #1 - ИСТОЧНИК ЗАПИСИ
Страна Российская Федерация
Организация NLR
Дата составления 20120809
942 ## - ДОПОЛНИТЕЛЬНЫЕ ЭЛЕМЕНТЫ ЗАПИСИ (АБИС)
Тип экземпляра АБИС Книга
980 ## - КОЛЛЕКЦИЯ
Название коллекции Национальная библиография
Экземпляры
Тип экземпляра Дата поступления Источник поступления Библиотека постоянного хранения Библиотека текущего хранения Место хранения Шифр хранения Штрих-код Статус экземпляра Стоимость Нумерация / хронология для периодики
Книга 09.08.2012 Обязательный экземпляр РНБ (Московский) РНБ (Московский) Русский книжный фонд: издания с 1957 года 2012-5/5896 3706073      
Книга 09.08.2012 Обязательный экземпляр РНБ (Московский) РНБ (Московский) Обменный фонд   3706074      
Книга 10.07.2013 Обязательный экземпляр РНБ (Московский) РНБ (Московский) Обменный фонд   3918732   150.00  
Книга 07.04.2015 Обязательный экземпляр РНБ (Московский) РНБ (Московский) Обменный фонд   1-884128   150.00 2015
Книга 07.04.2015 Обязательный экземпляр РНБ (Московский) РНБ (Московский) Обменный фонд   1-884129   145.00  
Книга 16.11.2016 Обязательный экземпляр РНБ (Московский) РНБ (Московский) Обменный фонд   1-1626245   160.00 2016
Книга 16.11.2016 Обязательный экземпляр РНБ (Московский) РНБ (Московский) Обменный фонд   1-1626246   150.00 2016
Книга 10.07.2013 Обязательный экземпляр РНБ (Садовая) РНБ (Садовая) Фонд Абонемента (Садовая) Аб Т3(7США)/И-60 3918731